[Event "U.S. National Scholastic Grade 2 Championship"]
[Site "Syracuse, New York USA"]
[Date "1995.12.02"]
[EventDate "?"]
[Round "4"]
[Result "1-0"]
[White "Sebastian Predescu"]
[Black "Hikaru Nakamura"]
[WhiteElo "2239"]
[BlackElo "2735"]
[PlyCount "127"]

1. e4 d6 2. d4 Nf6 3. Nc3 g6 4. Nf3 Bg7 5. Bc4 O-O 6. Bf4 Bg4
7. Qd3 e6 8. O-O Nc6 9. h3 Bxf3 10. gxf3 e5 11. dxe5 dxe5
12. Bg3 Qxd3 13. Bxd3 Rad8 14. Rfd1 Rfe8 15. Bh4 Nd4 16. Kg2
h6 17. Nd5 g5 18. Nxf6+ Bxf6 19. Bg3 Nc6 20. Bc4 Rxd1 21. Rxd1
Nd4 22. c3 Nc6 23. b4 Rd8 24. Bd5 Ne7 25. Bxf7+ Kxf7 26. Rxd8
Ke6 27. Rd3 b5 28. Rd8 Ng6 29. Rb8 c6 30. Ra8 Nf4+ 31. Bxf4
exf4 32. Rxa7 Bxc3 33. a3 h5 34. Ra6 Kd6 35. Ra7 h4 36. Rh7
Bb2 37. Rh5 Bf6 38. Rh6 Ke5 39. Kf1 Ke6 40. Ke2 Ke7 41. Kd3
Bb2 42. Rxc6 Bxa3 43. Rc5 Bxb4 44. Rxg5 Be1 45. Rxb5 Bxf2
46. e5 Ke6 47. Ke4 Bg3 48. Rb6+ Ke7 49. e6 Bf2 50. Ra6 Bg3
51. Ke5 Bf2 52. Kxf4 Bg3+ 53. Ke4 Bd6 54. Kd5 Bb8 55. Rb6 Bf4
56. Rb7+ Ke8 57. e7 Bg5 58. Ke6 Bf4 59. Ra7 Bb8 60. Rd7 Bc7
61. f4 Bb6 62. f5 Bc7 63. f6 Be5 64. f7# 1-0

[Event "Nassau Futurity"]
[Site "?"]
[Date "1997.09.29"]
[EventDate "1997.11.10"]
[Round "?"]
[Result "0-1"]
[White "Hikaru Nakamura"]
[Black "Brian Karen"]
[WhiteElo "2735"]
[BlackElo "2125"]
[PlyCount "104"]

1. e4 g6 2. d4 Bg7 3. Nc3 c5 4. dxc5 Qa5 5. Bd2 Qxc5 6. Nd5
Na6 7. Nf3 e6 8. Bc3 Kf8 9. Bxg7+ Kxg7 10. Nc3 Nf6 11. Qd4 d5
12. O-O-O Qxd4 13. Nxd4 e5 14. Bxa6 exd4 15. Rxd4 bxa6
16. exd5 Bb7 17. f3 Rad8 18. d6 Rd7 19. Rhd1 Rc8 20. Na4 Bd5
21. Nc3 Be6 22. a3 Rc6 23. Na4 Ne8 24. b4 Rcxd6 25. Rxd6 Rxd6
26. Re1 Nf6 27. Nc5 Nd7 28. Ne4 Rc6 29. Kb2 Nb6 30. Nd2 Nc4+
31. Nxc4 Rxc4 32. g3 Kf6 33. c3 a5 34. Re2 axb4 35. axb4 a5
36. bxa5 Ra4 37. Kb1 Rxa5 38. f4 Ra7 39. Re5 Rd7 40. Kc1 Rd3
41. Kc2 Rf3 42. Re2 Bc4 43. Rg2 Re3 44. Kd2 Re4 45. Rf2 Kf5
46. h3 h5 47. Rf3 Re2+ 48. Kd1 Ke4 49. Rf1 Rd2+ 50. Kxd2 Bxf1
51. Ke1 Bxh3 52. Kd2 Kf3 0-1

[Event "Nassau g/30"]
[Site "?"]
[Date "1998.??.??"]
[EventDate "1998.??.??"]
[Round "?"]
[Result "0-1"]
[White "Brian Karen"]
[Black "Hikaru Nakamura"]
[WhiteElo "2125"]
[BlackElo "2735"]
[PlyCount "52"]

1. e4 c5 2. Nc3 Nc6 3. f4 g6 4. Nf3 Bg7 5. Bb5 Nd4 6. Bd3 d6
7. Nxd4 cxd4 8. Ne2 e5 9. Bb5+ Bd7 10. Bxd7+ Qxd7 11. d3 Ne7
12. O-O O-O 13. Ng3 f5 14. c4 dxc3 15. bxc3 Rac8 16. fxe5 Bxe5
17. Bh6 Rf7 18. Ne2 Bxc3 19. Rb1 Bh8 20. Qb3 d5 21. Qxb7 Qxb7
22. Rxb7 dxe4 23. dxe4 fxe4 24. Rxf7 Kxf7 25. Bg5 Bf6 26. Bxf6
Kxf6 0-1

[Event "US Amateur Team East"]
[Site "Parsippany USA"]
[Date "1998.02.14"]
[EventDate "?"]
[Round "2"]
[Result "1-0"]
[White "Paul MacIntyre"]
[Black "Hikaru Nakamura"]
[WhiteElo "2285"]
[BlackElo "2141"]
[PlyCount "107"]

1. e4 c5 2. Nf3 e6 3. d3 d6 4. g3 Nc6 5. Bg2 Nge7 6. O-O g6
7. Re1 Bg7 8. c3 O-O 9. a4 a6 10. Nbd2 Rb8 11. Nf1 b5 12. axb5
Rxb5 13. h4 h5 14. Qe2 Qc7 15. N1d2 Rd8 16. Nc4 a5 17. Bg5 Re8
18. Bh3 Ba6 19. Bf4 e5 20. Bc1 Rb7 21. Ne3 Qd8 22. Ng5 Rf8
23. Nf5 d5 24. Qf3 d4 25. c4 Qc7 26. Kh1 Nc8 27. Nxg7 Kxg7
28. Be6 Ra7 29. Bd5 Nd8 30. Rg1 Bb7 31. g4 hxg4 32. Qxg4 Ra6
33. Rg2 Ne7 34. h5 Rh8 35. Kg1 a4 36. h6+ Kf8 37. Rh2 Bxd5
38. exd5 f6 39. Nf3 Nf7 40. Kh1 g5 41. h7 f5 42. Qh5 Rh6
43. Qh6+ Nxh6 44. Rxh6 g4 45. Ng5 Qa5 46. Ne6+ Kf7 47. Bg5 Ng6
48. Kg2 Rhb8 49. Rah1 Rh8 50. Rxg6 Kxg6 51. Rh6+ Kf7 52. Rf6+
Ke8 53. Rf8+ Rxf8 54. Nxf8 1-0

[Event "100th US Open"]
[Site "Reno, NV USA"]
[Date "1999.08.11"]
[EventDate "?"]
[Round "2"]
[Result "0-1"]
[White "David Moody"]
[Black "Hikaru Nakamura"]
[WhiteElo "1939"]
[BlackElo "2328"]
[PlyCount "40"]

1.e4 c5 2.d4 cxd4 3.c3 dxc3 4.Nxc3 d6 5.Nf3 e6 6.Bc4 a6 7.Qe2
b5 8.Bb3 Ra7 9.O-O Nc6 10.Bg5 Be7 11.Be3 Rd7 12.Nxb5 axb5
13.Qxb5 Bb7 14.Bb6 Qa8 15.Ba4 Bf6 16.Rac1 Nge7 17.Rfd1 O-O
18.e5 Bxe5 19.Nxe5 Nxe5 20.f4 Bc6 0-1

[Event "100th US Open"]
[Site "Reno, NV USA"]
[Date "1999.08.12"]
[EventDate "?"]
[Round "3"]
[Result "1/2-1/2"]
[White "Hikaru Nakamura"]
[Black "Aleksej Gennadyevich Aleksandrov"]
[WhiteElo "2289"]
[BlackElo "2669"]
[PlyCount "120"]

1. e4 e5 2. Nf3 Nc6 3. d4 exd4 4. Nxd4 Nf6 5. Nc3 Bb4 6. Nxc6
bxc6 7. Bd3 d5 8. exd5 cxd5 9. O-O O-O 10. Bg5 c6 11. Na4 h6
12. Bh4 Be6 13. c3 Bd6 14. Bc2 Re8 15. Qd4 Qe7 16. Rae1 c5
17. Bxf6 Qxf6 18. Nxc5 Qxd4 19. cxd4 Bxc5 20. dxc5 Rab8
21. Bb3 Rec8 22. Rc1 Rb5 23. f4 Rbxc5 24. Rxc5 Rxc5 25. f5 Bd7
26. Rd1 Bc6 27. g4 a5 28. a4 Kf8 29. Kf2 Ke7 30. Ke3 Kd6
31. Re1 Bd7 32. Kd3 Rc8 33. Kd4 Rb8 34. Bxd5 Rxb2 35. Bxf7
Rxh2 36. Bb3 Rh3 37. Bc2 Rg3 38. Bd1 Ra3 39. Bc2 Rg3 40. Bd1
Rh3 41. Bc2 Rf3 42. Re4 Rf2 43. Bb3 Rd2+ 44. Kc3 44... Rg2
45. Kd4 Rf2 46. Bc4 Rb2 47. Kc3 Rb4 48. Rd4+ Ke7 49. Rd5 Ke8
50. Rxa5 Rxa4 51. Re5+ Kf8 52. Rd5 Ra7 53. Kd4 Ke7 54. Ke5 Ra1
55. Bd3 Rd1 56. Bc4 Rb1 57. Rd3 Rb4 58. Rc3 Ra4 59. Be2 Ra5+
60. Kf4 Kf6 1/2-1/2

[Event "100th US Open"]
[Site "Reno, NV USA"]
[Date "1999.08.13"]
[EventDate "?"]
[Round "4"]
[Result "1-0"]
[White "Aleksander Wojtkiewicz"]
[Black "Hikaru Nakamura"]
[WhiteElo "2681"]
[BlackElo "2289"]
[PlyCount "83"]

1. Nf3 Nf6 2. c4 g6 3. g3 Bg7 4. Bg2 O-O 5. d4 d6 6. O-O Nc6
7. Nc3 Bg4 8. d5 Na5 9. Qd3 c5 10. Bd2 a6 11. e4 Nd7 12. b3
Bxf3 13. Qxf3 b5 14. cxb5 axb5 15. Rac1 b4 16. Nd1 e6 17. Ne3
exd5 18. exd5 f5 19. Qe2 Re8 20. Rfe1 Ne5 21. h3 Qd7 22. f4
Nf7 23. Qd3 Bd4 24. Kh2 Nb7 25. Rc2 h5 26. Nc4 Nh6 27. Re6 Qh7
28. Be3 Bc3 29. Re2 Red8 30. a4 h4 31. gxh4 Kh8 32. Bd2 Bxd2
33. Qxd2 Rf8 34. h5 gxh5 35. Qb2+ Kg8 36. Bf3 Rf7 37. Bxh5
37... Ng4+ 38. hxg4 fxg4 39. Kg3 Kf8 40. Rh2 Rg7 41. Qf6+ Kg8
42. Bg6 1-0

[Event "Wch U12"]
[Site "Oropesa del Mar"]
[Date "1999.11.05"]
[EventDate "?"]
[Round "11"]
[Result "0-1"]
[White "Hikaru Nakamura"]
[Black "Susanto Megaranto"]
[WhiteElo "2204"]
[BlackElo "2192"]
[PlyCount "92"]

1. e4 c6 2. d4 d5 3. exd5 cxd5 4. Bd3 Nc6 5. c3 Nf6 6. Bf4 e6 7. Nf3 Bd6 8.  Bxd6 Qxd6 9. O-O O-O 10. Qe2 b6 11. Ne5 Bb7 12. f4 Rac8 13. Nd2 g6 14. Rf3 Ne7  15. Raf1 Kg7 16. Rh3 Nfg8 17. Qf2 Qd8 18. Ndf3 h6 19. Ng5 Qd6 20. Qg3 Nf5 21.  Bxf5 exf5 22. Ngf3 Rc7 23. Nh4 Bc8 24. Qf3 Nf6 25. Kh1 b5 26. Nd3 Ne4 27. Qd1  a5 28. Nf2 Re8 29. Nxe4 Rxe4 30. Nf3 Rxf4 31. Qd2 h5 32. g3 Re4 33. Rh4 Rce7  34. Rf2 Qe6 35. Kg2 f6 36. Kf1 Qc6 37. Kg1 Qe8 38. Rg2 Re3 39. Rf2 g5 40. Ne5  fxe5 41. Qxe3 gxh4 42. Qg5+ Kh7 43. Qxh4 exd4 44. Qxd4 Re1+ 45. Rf1 Qe3+ 46.  Qxe3 Rxe3 0-1

[Event "28th World Open"]
[Site "Philadelphia, PA USA"]
[Date "2000.06.28"]
[EventDate "2000.??.??"]
[Round "1"]
[Result "0-1"]
[White "Eugene Levin"]
[Black "Hikaru Nakamura"]
[WhiteElo "2200"]
[BlackElo "2330"]
[PlyCount "192"]

1. e4 c5 2. Nf3 d6 3. d4 cxd4 4. Nxd4 Nf6 5. Nc3 a6 6. Bg5 e6
7. Be2 Be7 8. Qd2 Nbd7 9. Be3 Qc7 10. g4 h6 11. f4 b5 12. a3
Bb7 13. Bf3 Nc5 14. Qg2 Nfd7 15. O-O Nb6 16. Qe2 g5 17. e5 d5
18. f5 Qxe5 19. fxe6 fxe6 20. Nb3 Nbd7 21. Na5 O-O-O 22. Nxb7
Nxb7 23. Qd2 Qxe3+ 24. Qxe3 Bc5 25. Qxc5+ Nbxc5 26. b4 Nb7
27. a4 bxa4 28. Rxa4 Nb8 29. Be2 Rd6 30. Rfa1 Rc6 31. R1a3 d4
32. Ne4 Rxc2 33. Bxa6 Nxa6 34. Rxa6 Rd8 35. Rxe6 d3 36. Ra8+
Kd7 37. Rxd8+ Kxd8 38. Rxh6 d2 39. Nf2 Rc1+ 40. Kg2 d1=Q
41. Nxd1 Rxd1 42. Rh5 Rd2+ 43. Kg1 Nd6 44. Rxg5 Ke7 45. h4 Kf6
46. b5 Rb2 47. b6 Rxb6 48. Kg2 Rb3 49. Rh5 Ne4 50. Rf5+ Ke6
51. Rf3 Rb2+ 52. Kh3 Re2 53. g5 Nd6 54. Kg4 Re4+ 55. Rf4 Re1
56. Rf3 Nf5 57. h5 Rg1+ 58. Kf4 Rh1 59. Rf2 Rh4+ 60. Kf3 Nd4+
61. Ke3 Ke5 62. h6 Rh3+ 63. Kd2 Nf3+ 64. Kc2 Nxg5 65. Rf8 Ne6
66. Rh8 Kd4 67. h7 Rh2+ 68. Kb3 Nc5+ 69. Kb4 Nb7 70. Kb5 Nd6+
71. Kc6 Nf7 72. Re8 Rxh7 73. Re1 Ne5+ 74. Kb6 Nc4+ 75. Kc6
Rh6+ 76. Kc7 Kc5 77. Kd7 Nb6+ 78. Ke7 Nd5+ 79. Kf7 Rf6+
80. Kg7 Rf2 81. Kg6 Kd6 82. Kg5 Rg2+ 83. Kf5 Rf2+ 84. Kg4 Nc7
85. Kg3 Rf7 86. Re4 Ne6 87. Rb4 Nc5 88. Rf4 Rb7 89. Rf5 Ne6
90. Rh5 Rb3+ 91. Kf2 Nc5 92. Ke2 Ne4 93. Ra5 Rh3 94. Ra8 Kd5
95. Re8 Nd6 96. Re3 Rh2+ 0-1

[Event "World Open Friday Action Open"]
[Site "Philadelphia, PA USA"]
[Date "2000.06.30"]
[EventDate "2000.??.??"]
[Round "3"]
[Result "1-0"]
[White "Hikaru Nakamura"]
[Black "Angelo De Palma"]
[WhiteElo "2330"]
[BlackElo "1855"]
[PlyCount "59"]

1. e4 Nc6 2. d4 e5 3. Nf3 exd4 4. Nxd4 Qh4 5. Nc3 Bb4 6. Ndb5
Kd8 7. Be2 a6 8. Nd4 Nge7 9. O-O d6 10. Nf3 Qf6 11. Nd5 Nxd5
12. Bg5 Nf4 13. Bxf6+ gxf6 14. Kh1 Rg8 15. g3 Bh3 16. Rg1 Ne6
17. Bf1 Bg4 18. h3 Bh5 19. Be2 Bg6 20. Bd3 Ke7 21. Nh4 Bc5
22. Rf1 Ng5 23. f4 Nxh3 24. Kg2 Nxf4+ 25. Rxf4 Bd4 26. c3 Be5
27. Rg4 Bh5 28. Nf5+ Kd7 29. Rxg8 Rxg8 30. Qxh5 1-0

[Event "Wch U14"]
[Site "Oropesa del Mar"]
[Date "2000.10.18"]
[EventDate "?"]
[Round "7"]
[Result "1/2-1/2"]
[White "Jan Bernasek"]
[Black "Hikaru Nakamura"]
[WhiteElo "2146"]
[BlackElo "2281"]
[PlyCount "88"]

1. d4 Nf6 2. c4 g6 3. Nf3 Bg7 4. g3 O-O 5. Bg2 d5 6. O-O Nc6 7. cxd5 Nxd5 8. e4  Nb6 9. d5 Na5 10. Nc3 c6 11. dxc6 Nxc6 12. Qe2 Bg4 13. Be3 e5 14. h3 Nd4 15.  Bxd4 exd4 16. hxg4 dxc3 17. bxc3 Bxc3 18. Rac1 Bg7 19. Rfd1 Qe7 20. Nd4 Rac8  21. Nb3 Na4 22. Rxc8 Rxc8 23. Qb5 Nc3 24. Rd7 Qe8 25. Qd3 Nxa2 26. Rxb7 Ra8 27.  e5 Qxe5 28. Bd5 Rf8 29. Qf3 Nc3 30. Bxf7+ Kh8 31. Rxa7 Ne4 32. Qe3 Qb8 33. Rd7  Nf6 34. Re7 Nxg4 35. Qe2 Nf6 36. Bc4 Nh5 37. Kg2 Qd6 38. Re3 Qc6+ 39. Kg1 Qd6  40. Rf3 Rc8 41. Qe6 Qxe6 42. Bxe6 Rc2 43. Rd3 Be5 44. Rd5 1/2-1/2

[Event "WYB14"]
[Site "Oropesa del Mar ESP"]
[Date "2001.10.25"]
[EventDate "2001.10.06"]
[Round "5"]
[Result "1-0"]
[White "Viktor Erdos"]
[Black "Hikaru Nakamura"]
[WhiteElo "2320"]
[BlackElo "2466"]
[PlyCount "145"]

1. d4 Nf6 2. c4 g6 3. Nc3 Bg7 4. e4 d6 5. f3 O-O 6. Bg5 Nc6
7. Nge2 a6 8. Qd2 Rb8 9. Rc1 Re8 10. d5 Na5 11. Ng3 c5 12. Bd3
Bd7 13. O-O b5 14. b3 bxc4 15. bxc4 Rb4 16. Nd1 Ba4 17. Qe2
Nd7 18. Bd2 Rb8 19. Nc3 Nb6 20. f4 e6 21. Nd1 Nb7 22. Ne3 Nd7
23. dxe6 Rxe6 24. e5 Bc6 25. Ne4 Re8 26. Rcd1 dxe5 27. f5 Bxe4
28. Bxe4 Nd6 29. Ba5 Qe7 30. Bc6 Nf6 31. Bxe8 Rxe8 32. Bc3
Nfe4 33. Bb2 Qg5 34. fxg6 hxg6 35. Ng4 Qh5 36. Qf3 Qf5 37. Qe2
Qh5 38. Qf3 Qf5 39. Qe2 Qh5 40. Qf3 Re6 41. Ne3 Bh6 42. Ng4
Bg7 43. Ne3 Qxf3 44. gxf3 Nf6 45. Ba3 Bh6 46. Bxc5 Bxe3+
47. Bxe3 Nxc4 48. Kf2 e4 49. Rd8+ Ne8 50. fxe4 Ncd6 51. Rb1
Kh7 52. Kf3 Nxe4 53. Rb6 Re5 54. Rxa6 N8f6 55. Bd4 Rf5+
56. Ke2 g5 57. a4 g4 58. a5 g3 59. hxg3 Nxg3+ 60. Kd3 Rf3+
61. Kc4 Nge4 62. Bxf6 Nxf6 63. Rc6 Ng4 64. Kc5 Ra3 65. Kb5
Rb3+ 66. Ka6 Ra3 67. Kb6 Ne3 68. a6 Rb3+ 69. Kc7 Ra3 70. Kb7
Rb3+ 71. Ka8 Ra3 72. a7 f5 73. Rb8 1-0

[Event "Los Inmortales"]
[Site "Santo Domingo"]
[Date "2002.??.??"]
[EventDate "?"]
[Round "4"]
[Result "1-0"]
[White "Peter Svidler"]
[Black "Hikaru Nakamura"]
[WhiteElo "2690"]
[BlackElo "2494"]
[PlyCount "47"]

1.e4 c5 2.Nf3 d6 3.d4 cxd4 4.Nxd4 Nf6 5.Nc3 a6 6.Be2 e5 7.Nb3
Be6 8.f4 Qc7 9.O-O Be7 10.Kh1 Nbd7 11.g4 h6 12.g5 hxg5 13.fxg5
Nh7 14.Bg4 O-O 15.Rg1 Nc5 16.Nxc5 Bxg4 17.Qxg4 Qxc5 18.Be3 Qc8
19.Qh5 Qe6 20.Nd5 Rfe8 21.g6 Nf6 22.Nxf6+ Bxf6 23.Raf1 Kf8
24.Rxf6 1-0

[Event "ICC-ch blitz fin"]
[Site "ICC INT"]
[Date "2002.08.18"]
[EventDate "?"]
[Round "2"]
[Result "1/2-1/2"]
[White "Hikaru Nakamura"]
[Black "Sergei Shipov"]
[WhiteElo "2494"]
[BlackElo "2613"]
[PlyCount "102"]

1.e4 c5 2.Nf3 d6 3.d4 cxd4 4.Nxd4 Nf6 5.Nc3 a6 6.Be3 Ng4 7.Bc1 Nf6 8.f3 Qb6 9.Nb3 e6 10.Qe2 Qc7 11.g4 b5 12.Be3 Nc6 13.Bg2 Bb7 14.g5 Nd7 15.f4 Nb6 16.a4 b4 17.a5 Nd7 18.Na4 Nxa5 19.Nxa5 Qxa5 20.O-O Qb5 21.Qf2 Be7 22.c4 Qc6 23.Rfd1 Qc7 24.Rac1 O-O 25.c5 dxc5 26.Nxc5 Nxc5 27.Bxc5 Bxc5 28.Rxc5 Qb6 29.Rc4 Qxf2+ 30.Kxf2 a5 31.Rc7 Ba6 32.Ra1 Rfc8 33.Rxc8+ Bxc8 34.e5 Ra7 35.Rd1 Rd7 36.Rc1 Ba6 37.Rc5 Rd2+ 38.Kg3 g6 39.Rxa5 Bc4 40.Rc5 Ba2 41.Rb5 Rxb2 42.h4 Bc4 43.Rb7 b3 44.Rb4 Rc2 45.Be4 Rc3+ 46.Kf2 Kg7 47.Rb7 Rc2+ 48.Kf3 Rc3+ 49.Kf2 Rh3 50.Rb4 Rc3 51.Rb7 1/2-1/2

[Event "ICC-ch blitz fin"]
[Site "ICC INT"]
[Date "2002.08.18"]
[EventDate "?"]
[Round "2"]
[Result "1-0"]
[White "Sergei Shipov"]
[Black "Hikaru Nakamura"]
[WhiteElo "2613"]
[BlackElo "2494"]
[PlyCount "150"]

1.d4 Nf6 2.c4 g6 3.Nc3 d5 4.cxd5 Nxd5 5.e4 Nxc3 6.bxc3 Bg7 7.Qa4+ Nd7 8.Nf3 O-O 9.Be2 c5 10.O-O Qc7 11.Rb1 b6 12.e5 Bb7 13.Bg5 f6 14.exf6 Nxf6 15.Qb3+ Kh8 16.Rfe1 Rad8 17.Rbc1 Bd5 18.Qa3 Nh5 19.dxc5 bxc5 20.c4 Ba8 21.Qe3 Rf7 22.Rcd1 Rdf8 23.Bh4 h6 24.Bd3 Bxf3 25.gxf3 Qf4 26.Qxf4 Nxf4 27.Rxe7 g5 28.Rxf7 Rxf7 29.Bg3 Bd4 30.Be4 Kg7 31.Rb1 Re7 32.Rb8 Rf7 33.h4 Rf8 34.Rb5 Rf7 35.Kh2 Rf8 36.a4 Rf7 37.a5 Re7 38.a6 Rf7 39.Rb8 Be5 40.Re8 Bd4 41.Rc8 Rf8 42.Rc7+ Rf7 43.Rb7 Kf6 44.Bc6 Re7 45.Be4 Be5 46.Kh1 Ke6 47.Rb5 Kd6 48.Rb1 Rd7 49.Bf5 Rf7 50.Be4 Rd7 51.Rb5 Re7 52.Kh2 gxh4 53.Bxh4 Rg7 54.Bg3 h5 55.Rb8 h4 56.Bxf4 Bxf4+ 57.Kh3 Bg5 58.f4 Bxf4 59.Kxh4 Ke5 60.Bd5 Kf5 61.Rf8+ Ke5 62.Re8+ Kf5 63.Be4+ Kf6 64.Kh3 Re7 65.Rf8+ Ke5 66.Bd5 Rh7+ 67.Kg4 Rg7+ 68.Kf3 Bg5 69.Ke2 Re7 70.Kd3 Rh7 71.Rc8 Rh3+ 72.f3 Rh2 73.Rxc5 Rd2+ 74.Kc3 Ra2 75.Be4+ 1-0

[Event "ICC-ch blitz fin"]
[Site "ICC INT"]
[Date "2002.08.18"]
[EventDate "?"]
[Round "2"]
[Result "0-1"]
[White "Hikaru Nakamura"]
[Black "Sergei Shipov"]
[WhiteElo "2494"]
[BlackElo "2613"]
[PlyCount "112"]

1.d4 Nf6 2.c4 g6 3.Nc3 d5 4.cxd5 Nxd5 5.e4 Nxc3 6.bxc3 Bg7 7.Be3 c5 8.Rc1 Qa5 9.Qd2 cxd4 10.cxd4 Qxd2+ 11.Kxd2 O-O 12.Nf3 Nc6 13.d5 Rd8 14.Ke1 Na5 15.Bg5 Bd7 16.Bd3 Rdc8 17.Ke2 e6 18.Be3 exd5 19.exd5 b5 20.Nd2 a6 21.Bb6 Nb7 22.Ne4 f5 23.Nc5 Nxc5 24.Bxc5 Re8+ 25.Kf3 Re5 26.Bc2 Rxd5 27.Bb3 Be6 28.Rhd1 Rad8 29.Bxd5 Rxd5 30.a3 Bh6 31.Be3 Bf8 32.Rd4 Bxa3 33.Rc7 a5 34.Ke2 a4 35.Ra7 Bb2 36.Rd2 Rxd2+ 37.Bxd2 Bc4+ 38.Kd1 Bd5 39.Kc2 Bd4 40.Ra5 Be4+ 41.Kc1 Bxf2 42.Rxb5 Bxg2 43.Ra5 Bg1 44.h4 Bc6 45.h5 Kf7 46.Ra6 Bb5 47.Ra5 Bd7 48.h6 Ke6 49.Ra8 Bd4 50.Ra6+ Kd5 51.Ra8 Ke4 52.Rd8 Bb5 53.Rf8 a3 54.Ra8 Bb2+ 55.Kc2 f4 56.Re8+ Bxe8 0-1

[Event "ICC-ch blitz fin"]
[Site "ICC INT"]
[Date "2002.08.18"]
[EventDate "?"]
[Round "2"]
[Result "1-0"]
[White "Sergei Shipov"]
[Black "Hikaru Nakamura"]
[WhiteElo "2613"]
[BlackElo "2494"]
[PlyCount "102"]

1.d4 Nf6 2.c4 g6 3.Nc3 d5 4.cxd5 Nxd5 5.e4 Nxc3 6.bxc3 Bg7 7.Nf3 c5 8.Be3 Qa5 9.Bd2 O-O 10.Be2 Rd8 11.O-O Nd7 12.c4 Qc7 13.d5 Nf6 14.Qc2 Bg4 15.Rab1 b6 16.a4 e6 17.h3 Bxf3 18.Bxf3 Nd7 19.dxe6 fxe6 20.e5 Rab8 21.Bg4 Nxe5 22.Bxe6+ Kh8 23.Bg5 Rf8 24.Bd5 Nc6 25.Rbe1 Rbe8 26.Qd2 Nd4 27.Kh1 Qd7 28.Qd1 Rxe1 29.Rxe1 Re8 30.Rxe8+ Qxe8 31.g3 h6 32.Bd2 Kh7 33.Kg2 Qd7 34.Be3 a6 35.Qb1 Qd6 36.Bf4 Qd8 37.Be4 Qe8 38.h4 h5 39.Bd5 b5 40.cxb5 axb5 41.a5 Ne2 42.Be3 Nc3 43.Qd3 c4 44.Qd2 Qd8 45.Bc6 Qxa5 46.Qd7 Ne2 47.Bd5 Qe1 48.Qf7 Qg1+ 49.Kf3 Nd4+ 50.Kf4 Ne2+ 51.Kg5 1-0

[Event "US Championship 2003"]
[Site "Seattle, WA USA"]
[Date "2003.01.11"]
[EventDate "2003.01.09"]
[Round "3"]
[Result "1/2-1/2"]
[White "Hikaru Nakamura"]
[Black "Nick de Firmian"]
[WhiteElo "2520"]
[BlackElo "2537"]
[PlyCount "87"]

1. d4 Nf6 2. c4 e6 3. Nc3 Bb4 4. e3 b6 5. Nge2 Ne4 6. Qc2 Bb7
7. Nf4 Nxc3 8. bxc3 Be7 9. f3 d6 10. Bd3 g6 11. O-O Nd7 12. e4
Bg5 13. Ne2 Bxc1 14. Qxc1 Qe7 15. Qe3 e5 16. Bc2 Ba6 17. Qd3
O-O 18. Ba4 Qe6 19. Bb5 Bxb5 20. cxb5 d5 21. exd5 Qxd5 22. c4
Qd6 23. Rad1 Rad8 24. dxe5 Qxd3 25. Rxd3 Nxe5 26. Rc3 Rd2
27. Nf4 Rd4 28. Nd5 Kg7 29. Re1 Nxc4 30. Nxc7 Nd6 31. Ra3 Rc8
32. Rxa7 Kf8 33. Ra8 Rxa8 34. Nxa8 Nc4 35. a4 h5 36. Rb1 h4
37. Nc7 Rd2 38. Re1 Ra2 39. Re4 Ra1+ 40. Kf2 Ra2+ 41. Ke1 Rxa4
42. Rxh4 Ra1+ 43. Ke2 Ra2+ 44. Ke1 1/2-1/2

[Event "US Championship 2003"]
[Site "Seattle, WA USA"]
[Date "2003.01.13"]
[EventDate "2003.01.09"]
[Round "5"]
[Result "1/2-1/2"]
[White "Hikaru Nakamura"]
[Black "Larry Mark Christiansen"]
[WhiteElo "2520"]
[BlackElo "2566"]
[PlyCount "68"]

1. d4 Nf6 2. c4 e6 3. Nc3 Bb4 4. e3 O-O 5. Bd3 c5 6. Nge2 d5
7. cxd5 cxd4 8. exd4 Nxd5 9. O-O Nc6 10. Bc2 Re8 11. Qd3 g6
12. Rd1 Bf8 13. Qf3 b6 14. Be4 Nce7 15. Bg5 Bb7 16. Nxd5 Bxd5
17. Nc3 Qd7 18. Bxe7 Bxe4 19. Nxe4 Bxe7 20. d5 exd5 21. Rxd5
Qe6 22. h3 Rad8 23. Nc3 Bf6 24. Rad1 h5 25. Rxd8 Bxd8 26. Nd5
Kg7 27. a4 Qe5 28. b3 h4 29. Qc3 Qxc3 30. Nxc3 Bf6 31. Nb5 Re7
32. Kf1 a6 33. Nd6 Bc3 34. Nc4 b5 1/2-1/2

[Event "US Championship 2003"]
[Site "Seattle, WA USA"]
[Date "2003.01.18"]
[EventDate "2003.01.09"]
[Round "9"]
[Result "1-0"]
[White "Hikaru Nakamura"]
[Black "Gregory P Shahade"]
[WhiteElo "2520"]
[BlackElo "2452"]
[PlyCount "93"]

1. d4 Nf6 2. c4 g6 3. Nc3 d5 4. Bf4 Bg7 5. e3 c5 6. dxc5 Qa5
7. Rc1 dxc4 8. Bxc4 O-O 9. Nge2 Qxc5 10. Qb3 Qh5 11. Nb5 Na6
12. Ng3 Qh4 13. Nd4 Nd7 14. Bxa6 bxa6 15. Nge2 e5 16. Bg3 Qf6
17. Nc6 Re8 18. O-O Nb6 19. Rfd1 Bd7 20. Qc3 Rac8 21. Bxe5
Rxe5 22. Qxe5 Qxe5 23. Nxe5 Rxc1 24. Rxc1 Bxe5 25. b3 Kf8
26. f3 Ke7 27. Kf2 Kd6 28. e4 f6 29. Ke3 a5 30. f4 Bb2 31. Rc2
Ba3 32. Kd4 a4 33. e5+ fxe5+ 34. fxe5+ Ke7 35. Nf4 axb3
36. axb3 a5 37. g3 a4 38. bxa4 Bxa4 39. Rc7+ Bd7 40. Rb7 g5
41. Rxb6 gxf4 42. gxf4 Bf5 43. Kd5 Bc1 44. Rb7+ Ke8 45. e6 h5
46. Ke5 Bg4 47. f5 1-0

[Event "X Anibal Open"]
[Site "Linares ESP"]
[Date "2003.03.05"]
[EventDate "2003.02.28"]
[Round "6"]
[Result "0-1"]
[White "Ibrahim Hasan Labib"]
[Black "Hikaru Nakamura"]
[WhiteElo "2439"]
[BlackElo "2520"]
[PlyCount "78"]

1. e4 c5 2. Nf3 d6 3. Bb5+ Nd7 4. c3 Ngf6 5. Qe2 a6 6. Ba4 g6
7. O-O Bg7 8. d4 b5 9. Bc2 O-O 10. e5 Ne8 11. Bg5 dxe5
12. dxe5 Nc7 13. Qe4 Rb8 14. Qh4 Re8 15. Nbd2 Ne6 16. Rfe1
Nxg5 17. Nxg5 Nf8 18. Ndf3 h6 19. e6 Nxe6 20. Nxe6 Bxe6
21. Bxg6 Bd5 22. Be4 e6 23. Qg3 b4 24. c4 Bxc4 25. Ne5 Bb5
26. Nxf7 Kxf7 27. Qg6+ Kf8 28. Re3 Bd4 29. Rf3+ Ke7 30. Rf7+
Kd6 31. Qxh6 Re7 32. Qf4+ Kd7 33. Rxe7+ Kxe7 34. Re1 Qd6
35. Qh4+ Kd7 36. Qh7+ Qe7 37. Qh5 Rh8 38. Qg4 Qh4 39. Bc6+
Bxc6 0-1

[Event "Internet Section 16-A"]
[Site "Dos Hermanas"]
[Date "2003.03.16"]
[EventDate "?"]
[Round "7"]
[Result "1-0"]
[White "Mikhail Kobalia"]
[Black "Hikaru Nakamura"]
[WhiteElo "2635"]
[BlackElo "2520"]
[PlyCount "60"]

1. e4 c5 2. Nf3 d6 3. d4 cxd4 4. Nxd4 Nf6 5. Nc3 a6 6. Be3 e6 7. g4 b5 8. g5  Nfd7 9. a3 Bb7 10. h4 Nb6 11. Qd2 N8d7 12. f4 Rc8 13. h5 Nc5 14. Bd3 d5 15.  O-O-O dxe4 16. Be2 Nd5 17. Nxd5 Bxd5 18. Kb1 Be7 19. f5 O-O 20. Rhg1 Qc7 21. f6  Bd6 22. fxg7 Rfd8 23. g6 Be5 24. gxf7+ Kxf7 25. Rdf1+ Kg8 26. Bh6 Bg3 27. Rf8+  Rxf8 28. gxf8=Q+ Rxf8 29. Qg5+ Kf7 30. Rf1+ 1-0

[Event "Corus Group B"]
[Site "Wijk aan Zee NED"]
[Date "2004.01.13"]
[EventDate "2004.01.10"]
[Round "3"]
[Result "1-0"]
[White "Hikaru Nakamura"]
[Black "Eric Lobron"]
[WhiteElo "2571"]
[BlackElo "2497"]
[PlyCount "65"]

1. d4 Nf6 2. c4 e6 3. Nc3 Bb4 4. e3 O-O 5. Nge2 d5 6. a3 Bd6
7. c5 Be7 8. b4 b6 9. Nf4 bxc5 10. bxc5 c6 11. Be2 Qc7 12. Nd3
Ba6 13. O-O Nbd7 14. Rb1 Bc4 15. Bd2 Rfb8 16. Rxb8+ Rxb8
17. Nb4 Bxe2 18. Qxe2 Rb7 19. f3 a5 20. Nd3 Rb3 21. Qd1 Qb7
22. Qc2 Bd8 23. a4 Nb8 24. e4 Bc7 25. e5 Nfd7 26. f4 g6
27. Rc1 Qa6 28. Nb5 Rxb5 29. axb5 cxb5 30. c6 Nb6 31. f5 Nc4
32. fxe6 fxe6 33. Bh6 1-0